[Event "Emilia Romagna Province-ch"]
[Site "Formigine"]
[Date "2007.05.01"]
[Round "6"]
[White "Cuccolini, Milo"]
[Black "Fiorentini, Paolo"]
[Result "0-1"]
[WhiteElo "1784"]
[BlackElo "1982"]
[PlyCount "74"]
[EventDate "2007.04.28"]
[EventType "swiss"]
[EventRounds "6"]
[EventCountry "ITA"]
[SourceTitle "EXT 2009"]
[Source "ChessBase"]
[SourceDate "2008.11.26"]
[SourceVersion "1"]
[SourceVersionDate "2008.11.26"]
[SourceQuality "1"]

1. Nf3 d5 2. d4 Nf6 3. e3 Bg4 4. Be2 e6 5. 0-0 c5 6. c3 Nc6 7. a3 Qc7 8. Qa4 Nd7 9. b4 Nb6 10. Qb3 c4 11. Qc2 Bf5 12. Qd1 Bd6 13. h3 0-0 14. Nh4 a5 15. Nxf5 exf5 16. b5 Ne7 17. a4 Ng6 18. Qc2 Qd7 19. Ba3 Bxa3 20. Rxa3 Rae8 21. Nd2 Nc8 22. Bf3 Qe6 23. Re1 b6 24. Raa1 Nd6 25. Kf1 Ne4 26. Bxe4 fxe4 27. f3 exf3 28. Nxf3 f5 29. Qf2 f4 30. exf4 Qf5 31. Rxe8 Rxe8 32. Ne5 Nxe5 33. Re1 Qd3+ 34. Qe2 Rf8 35. dxe5 Rxf4+ 36. Kg1 Qxc3 37. e6 Re4 0-1